Catálogo
 En Linea
Vista normal Vista MARC

Entrada Nombre de reunión

Número de registros utilizados en: 3

001 - NÚMERO DE CONTROL

  • campo de control: 43128

003 - IDENTIFICADOR DEL NÚMERO DE CONTROL

  • campo de control: OSt

005 - FECHA Y HORA DE LA ÚLTIMA TRANSACCIÓN

  • campo de control: 20200615033928.0

008 - DATOS DE LONGITUD FIJA

  • campo de control de longitud fija: 200615|| aca||aabn | a|a d

040 ## - FUENTE DE LA CATALOGACIÓN

  • Centro catalogador/agencia de origen: OSt
  • Centro/agencia transcriptor: OSt

111 ## - ENCABEZAMIENTO--NOMBRE DE CONGRESO/REUNIÓN

  • Nombre de congreso/reunión o jurisdicción como elemento de entrada: Premio Joven de Cuento Feria del Libro
  • Fecha del congreso/reunión: (2015 :
  • Sede del congreso/Lugar de la reunión: Santo Domingo)

670 ## - FUENTE DE DATOS ENCONTRADOS

  • Cita de la fuente: Work cat.: (OSt)19961: Premio Joven de Cuento Feria del Libro (2015 : Santo Domingo), El pozo de la locura y otros cuentos premiados /, 2016.

Con tecnología Koha